<?xml version="1.0" encoding="UTF-8"?>
<record
    xmlns:xsi="http://www.w3.org/2001/XMLSchema-instance"
    xsi:schemaLocation="http://www.loc.gov/MARC21/slim http://www.loc.gov/standards/marcxml/schema/MARC21slim.xsd"
    xmlns="http://www.loc.gov/MARC21/slim">

  <leader>01287npm a2200253 i 4500</leader>
  <controlfield tag="001">5140</controlfield>
  <controlfield tag="003">ES-MaACL</controlfield>
  <controlfield tag="005">20250709063210.0</controlfield>
  <controlfield tag="007">hzrazu   bucu</controlfield>
  <controlfield tag="008">900417r19901754sp      a     00010 spa d</controlfield>
  <datafield tag="080" ind1=" " ind2=" ">
    <subfield code="a">9(46)"--/18"</subfield>
  </datafield>
  <datafield tag="080" ind1=" " ind2=" ">
    <subfield code="a">27(46)"--/18"</subfield>
  </datafield>
  <datafield tag="080" ind1=" " ind2=" ">
    <subfield code="a">92:262.1(46)"--/18"</subfield>
  </datafield>
  <datafield tag="100" ind1="1" ind2=" ">
    <subfield code="a">Fl&#xF3;rez, Enrique,</subfield>
    <subfield code="d">1702-1773</subfield>
    <subfield code="9">142679</subfield>
  </datafield>
  <datafield tag="245" ind1="1" ind2="0">
    <subfield code="a">Espa&#xF1;a sagrada </subfield>
    <subfield code="b">: [Microforma] : Theatro geographico-historico de la Iglesia de Espa&#xF1;a / </subfield>
    <subfield code="c">por Henrique Florez.</subfield>
  </datafield>
  <datafield tag="260" ind1=" " ind2=" ">
    <subfield code="a">Madrid : </subfield>
    <subfield code="b">Ateneo Cientifico, Literario y Artistico, </subfield>
    <subfield code="c">1990.</subfield>
  </datafield>
  <datafield tag="300" ind1=" " ind2=" ">
    <subfield code="a">11 carretes de microfilme : </subfield>
    <subfield code="b">negativo ; </subfield>
    <subfield code="c">16 mm.</subfield>
  </datafield>
  <datafield tag="500" ind1=" " ind2=" ">
    <subfield code="a">Publicado originalmente: Madrid, Antonio Marin, 1754-1961, 54 t. en 53 v.</subfield>
  </datafield>
  <datafield tag="505" ind1="8" ind2=" ">
    <subfield code="a">Carrete n. 1: Indices (t. 52) y tomos 1 a 5 (p. 384) -- Carrete n. 2: tomo 5 (p. 385) a 10 (p. 383) -- Carrete n. 3: tomo 10 (p.384) a 14 -- Carrete n. 4: tomo 15 a 19 -- Carrete n. 5: tomo 20 a 24 -- Carrete n. 6: tomo 25 a 29 -- Carrete n. 7: tomo 30 a 33 -- Carrete n. 8: tomo 34 a 38 -- Carrete n. 9: tomo 39 al 43 -- Carrete n. 10: tomo 44 al 48 -- Carrete n. 11: tomo 49 a 51, 53 y 54</subfield>
  </datafield>
  <datafield tag="650" ind1="1" ind2="4">
    <subfield code="a">Obras anteriores a 1800.</subfield>
    <subfield code="9">15661</subfield>
  </datafield>
  <datafield tag="852" ind1=" " ind2=" ">
    <subfield code="a">ES-MaACL</subfield>
    <subfield code="j">MC-36-46</subfield>
    <subfield code="9">5257</subfield>
    <subfield code="c">DEPO1</subfield>
  </datafield>
  <datafield tag="942" ind1=" " ind2=" ">
    <subfield code="2">udc</subfield>
    <subfield code="c">MICROFORMA</subfield>
  </datafield>
  <datafield tag="999" ind1=" " ind2=" ">
    <subfield code="c">5140</subfield>
    <subfield code="d">5140</subfield>
  </datafield>
  <datafield tag="952" ind1=" " ind2=" ">
    <subfield code="0">0</subfield>
    <subfield code="1">0</subfield>
    <subfield code="2">udc</subfield>
    <subfield code="4">0</subfield>
    <subfield code="7">0</subfield>
    <subfield code="8">LIBXVIII</subfield>
    <subfield code="a">ATENEOM</subfield>
    <subfield code="b">ATENEOM</subfield>
    <subfield code="c">DEPO1</subfield>
    <subfield code="d">2008-01-17</subfield>
    <subfield code="l">0</subfield>
    <subfield code="o">MC-36-46</subfield>
    <subfield code="p">1005203</subfield>
    <subfield code="r">2023-02-23 00:00:00</subfield>
    <subfield code="w">2023-02-23</subfield>
    <subfield code="y">MICROFORMA</subfield>
  </datafield>
</record>
